000 00599cam a2200241 4500
008 090401t1988 xxu||||| |||| 00| 0 eng d
020 _a0728201151
035 _a(Sirsi) u25655
041 _aeng
050 _a346.410434
100 _aWest, W.A.
245 _aWest`s law of dilapidations
250 _a9th ed.
260 _aLondon
_bEstates Gazette
_c1988
300 _axxxvi,364p. ; 22cm.
350 _a18.5
520 _aThis edition by Smith,P.F.
650 _aLANDLORD AND TENANT
_96252
650 _aParty walls
_96258
650 _aREPAIRS
942 _n0
948 _c04/03/1997
999 _c88773
_d88773